Marki czekolady - Statystyki

Ogólne statystyki
  • Ten quiz został rozwiązany 1 691 razy
    1 628 od ostatniego zresetowania
  • Średni wynik to 4 z 15
Statystyki odpowiedzi
Marka lub producent % Poprawnych
Milka
97%
Wedel
92%
Wawel
54%
Goplana
34%
Alpen Gold
27%
Lindt
27%
Schogetten
21%
Magnetic (marka dla Biedronki)
19%
Nussbeisser
17%
Terravita
14%
Allegro
13%
Ritter Sport
11%
Studentska
6%
Fin Carre (marka dlaLidla)
3%
Katy (marka dla Kauflanda)
1%
Nie znaleziono quizów pasujących do podanych kryteriów
Rozkład punktacji
Procent ludzi z każdym wynikiem
Percentyl według liczby udzielonych odpowiedzi
Twoja historia wyników
Nie rozwiązałeś tego quizu od ostatniego zresetowania